00333 a2200109 450000500170000002000200001710000160003724500670005326000300012030000570015070000160020720250628104017.0 a978-1-107-51616 aWILLIAMS, J aMaking Connections: Skills and Strategies for Academic Reading aNew YorkbCambridgec2016 a323p.: ill, Picture, TablebRefference & Indexc25cm aVITTORIO, P